Mastering Digital Color A Photographer's and Artist's Guide to Controlling Color

Gespeichert in:
Bibliographische Detailangaben
1. Verfasser: Saffir, David
Format: Buch
Sprache:Undetermined
Veröffentlicht: Boston, MA : Thomson Course Technology 2007
Schlagworte:
Online Zugang:http://lrc.tdmu.edu.vn/opac/search/detail.asp?aID=2&ID=7197
Tags: Tag hinzufügen
Keine Tags, Fügen Sie den ersten Tag hinzu!
Thư viện lưu trữ: Trung tâm Học liệu Trường Đại học Thủ Dầu Một
LEADER 00781nam a2200205Ia 4500
001 TDMU_7197
008 210410s9999 xx 000 0 und d
082 |a 770.0285 
090 |b S102 
100 |a Saffir, David 
245 0 |a Mastering Digital Color 
245 2 |b A Photographer's and Artist's Guide to Controlling Color 
245 0 |c David Saffir 
260 |a Boston, MA : Thomson 
260 |b Course Technology 
260 |c 2007 
300 |a x, 258 p. 
650 |a Color photography   |x Digital techniques; Photography   |x Digital techniques; Nhiếp ảnh màu   |x Kỹ thuật số; Nhiếp ảnh   |x Kỹ thuật số 
856 |u http://lrc.tdmu.edu.vn/opac/search/detail.asp?aID=2&ID=7197 
980 |a Trung tâm Học liệu Trường Đại học Thủ Dầu Một